000
00279nam a22001097a 4500
082
_a
823
_b
KIN/W
100
_a
KINGSLEY, EMILY PEARL
245
_a
WELCOME HOME BIG BIRD
260
_a
UNITED STATES
_b
WESTERN PUBLISHING CO
_c
1985
650
_a
ENGLISH STORY
_z
UNITED STATES
942
_c
BK
999
_c
7549
_d
7549